| 000 | 00515nam a2200157 a 4500 | ||
|---|---|---|---|
| 001 | 000044214 | ||
| 005 | 20240704121453.0 | ||
| 008 | 140610s2008 dr 000 0 spa d | ||
| 020 | _a9789993491460 | ||
| 040 |
_aDO-SdBNP _bspa _cBNPHU |
||
| 100 | 1 |
_aMendoza, Pedro _d1946- _965881 |
|
| 245 | 1 | 0 |
_aCrónica de acciones curiosas de los enfermos / _cPedro Mendoza. |
| 260 |
_aSanto Domingo : _bTeófilo, _c2008. |
||
| 300 |
_a409 p. ; _c23 cm. |
||
| 500 | _aIncluye datos biográficos del autor de la solapa de la cubierta | ||
| 999 |
_c43703 _d43703 |
||